Among the believers : an Islamic journey

Αποθηκεύτηκε σε:
Λεπτομέρειες βιβλιογραφικής εγγραφής
Κύριος συγγραφέας: Naipaul, V. S. (Vidiadhar Surajprasad), 1932-2018
Μορφή: Βιβλίο
Γλώσσα:English
Δημοσίευση: London : Penguin Books, 1982.
Θέματα:
Ετικέτες: Προσθήκη ετικέτας
Δεν υπάρχουν, Καταχωρήστε ετικέτα πρώτοι!

MARC

LEADER 00000cam a2200000 i 4500
001 1/27012
008 060328s1982 enk| ||| |||| ||eng||
020 |a 0140056173 
035 |l 10083303 
040 |a GR-MyUa  |b gre  |e AACR2 
041 0 |a eng 
082 7 |a 909.097671   |2 (22) 
100 1 |a Naipaul, V. S.   |q (Vidiadhar Surajprasad),   |d 1932-2018. 
245 1 0 |a Among the believers :   |b an Islamic journey /   |c V.S. Naipaul. 
260 |a London :   |b Penguin Books,   |c 1982. 
300 |a 399 σ. ;   |c 24 εκ. 
600 1 0 |a Naipaul, V. S.   |q (Vidiadhar Surajprasad),   |d 1932-2018  |x Travel  |z Islamic countries. 
650 0 |a Islam  |z Asia. 
651 0 |a Islamic countries  |x Description and travel. 
852 |a INST  |b LESVOS  |e 20060328  |h 909.097671 NAI  |p 005100034795  |q 005100034795  |t BK  |y 0 
901 |a BIBL1-2006-1 
970 |a ΚΑΡΑ  |b ΓΙΑΣΕΜΗ  |z 2006/03/28